Statistiques concernant Les 30 derniers pays du classement de l'espérance de vie (source OMS 2008)

Cliquez ici pour prendre le quiz!

Statistiques générales

  • Ce quiz a été pris 74 fois
  • Le résultat moyen est 23 sur 30

Statistiques - réponses

Espérance de vie Pays % Correct
57Togo
82%
52.5Mozambique
82%
55Guinée
82%
55Zambie
82%
56Niger
82%
51Lesotho
80%
54Zimbabwe
80%
59Liberia
80%
58Malawi
80%
53Nigeria
79%
50Somalie
79%
59Gambie
79%
49.5République Démocratique du Congo
79%
58République du Congo
77%
51.5Mali
77%
52Tchad
77%
52Angola
76%
56Ouganda
76%
53Burundi
76%
50Swaziland
74%
59Bénin
74%
54Guinée-Équatoriale
74%
36Sierra Leone
73%
59.5Mauritanie
71%
50Guinée-Bissau
70%
56.5Burkina Faso
70%
59Tanzanie
70%
48.5République Centrafricaine
68%
56.5Côte d'Ivoire
58%
60Afghanistan
44%

Distribution des résultats

Percentile par nombre de réponses

% des personnes avec chaque résultat

Votre développement - résultats

Vous n’avez pas pris ce quiz